1110 1763 1415 1413 1785 1637 1332 1132 1709 1246 1534 1938 1896 1544 1845 1880 1784 1381 1003 1060 1273 1219 1555 1678 1648 1440 1637 1147 1407 1496 1141 1206 1017 1124 1381 1810 1882 1260 1380 1702 1864 1211 1520 1033 1049 1178 1905 1115 1972 1943 1424 1006 1781 1744 1206 1190 1587 1570 1760 1033 1131 1000 1596 1958 1356 1920 1653 1087 1194 1596 1277 1469 1187 1972 1642 1756 1216 1810 1873 1381 1669 1010 1227 1756 1929 1822 1137 1070 1330 1270 1046 1747 1784 1075 1325 1886 1757 1315 1993 BCNSPRNW ULIB Ver.6.0+V

เปลี่ยนเป็นภาษาไทย

Change to English
 แสดงรายละเอียดบรรณานุกรม
  กลับหน้าหลัก

Brief Record : Get Marc (ISO 2709) : E-mail record : QR code < ปิดหน้าต่าง
LEADER : 00000nam 2200000uu 4500
001    13399112360
003     ULIB
008    110805s2547||||th 000 0 tha d
020    9742130744
040    blc
050  4 HF5549^bป496จ 2547
100 0  ปรียาพร วงศ์อนุตรโรจน์
245 10 จิตวิทยาการบริหารงานบุคคล /^cปรียาพร วงศ์อนุตรโรจน์
260    กรุงเทพฯ :^bศูนย์สื่อเสริมกรุงเทพฯ,^c2547
300    271 หน้า ;^c26 ซม.
650  4 การบริหารงานบุคล
650  4 การบริหารงานบุคคล^xแง่จิตวิทยา
650  4 ขวัญในการทำงาน
650  4 ความพอใจในการทำงาน
650  4 จิตวิทยาองค์การ
945    ^p175^l0^i017017
945    ^p175^l0^i017018
995    ทศพร
999 ^a ทศพร
รายการนี้ยังไม่มีแท็ก
คุณยังไม่ได้ล็อกอิน คุณสามารถมีกิจกรรมร่วมกับเว็บไซต์ได้ แต่ต้องล็อกอินก่อน ::
  ล็อกอิน

รายการสื่อสารสนเทศ

ลำดับที่ ประเภท เลขเรียก/บาร์โค้ด สถานที่ สถานะ
1. การศึกษาทั่วไป
การศึกษาทั่วไป
HF5549 ป496จ 2547 ฉ.2 
  Barcode: 017018
ห้องสมุดวิทยาเขตนครสวรรค์
►หนังสือทั่วไป:l:General Books
บนชั้น

รายการใกล้เคียง
    ผู้แต่ง [ปรียาพร วงศ์อนุตรโรจน์]

    หัวเรื่อง [การบริหารงานบุคล]
    หัวเรื่อง [ขวัญในการทำงาน]
    หัวเรื่อง [ความพอใจในการทำงาน]
    หัวเรื่อง [จิตวิทยาองค์การ]

BibComment


ยังไม่เคยถูกคอมเมนท์

คอมเมนท์ทรัพยากรรายการนี้
  คอมเมนท์: จิตวิทยาการบริหาร..


 Copyright 2026. Bcnsprnw @Library